000 00639cam a22002052 4500
001 0000009393
005 20151217154412.0
008 081014s xx 000 0 eng d
020 _a0866600515 :
_cKES 570
040 _aKABU
_cKABU
100 1 _aTuraki, Yusufu.
_@0000157887
245 1 0 _aFoundations of African traditional religions and worldview /
_cYusufu Turaki.
260 _aNairobi :
_bIBS Africa,
_c2001.
300 _avii, 203 p.
650 0 _aReligions and culture
_zAfrica.
_@0000160689
651 0 _aAfrica
_xReligions.
_@0000160690
908 _a081014
950 _@1
999 _c11033
_d11033